• 首页
  • 本馆介绍
  • 公告通知
  • 最新文献
  • 馆藏检索
  • 电子资源
  • 读者导购
  • 参考咨询
  • 我的图书馆
  • 登录
  • 详细信息显示
  • 放入我的书架
  • 预约/预借图书
  • 作者相关作品
  • 分类相关作品
  • 丛书相关作品
  • 出版社相关作品

书目信息

  • 表格格式
  • 工作单格式
  • 卡片格式
题名:
袁腾飞讲先秦
    
 
作者: 袁腾飞 著
分册:   战国纵横
出版信息: 北京   电子工业出版社  2015
页数: 251页
开本: 24cm
丛书名:
单 册:
中图分类: K231.09 , K233.09
科图分类:
主题词: 秦代--qin dai--历史--通俗读物 , 战国时代--zhan guo shi dai--历史--通俗读物
电子资源:
ISBN: 978-7-121-24423-0
000 01062nam0 22002651 450
001 0127154612
005 20170327154612.0
010    @a978-7-121-24423-0@dCNY40.00
100    @a20141230d2015 em y0chiy50 ea
101 0  @achi
102    @aCN@b110000
105    @aa z 000yy
106    @ar
200 1  @a袁腾飞讲先秦@Ayuan teng fei jiang xian qin@i战国纵横@f袁腾飞著
210    @a北京@c电子工业出版社@d2015
215    @a251页@c图@d24cm
300    @a腾飞五千年
330    @a本系列作品沿袭袁腾飞轻松幽默的“史话体”风格, 围绕战国时期的历史故事开讲。战国时期是一个“变世”。在这个时期, 战争法则在变, 历史舞台的主角也在变。在一系列变化中, 涌现出了战国七雄: 齐、楚、燕、韩、赵、魏、秦。本书正是围绕战国七雄的争霸展开的, 故事精彩, 语言幽默诙谐, 能让读者快速进入并深刻了解那段历史。
606 0  @a秦代@Aqin dai@x历史@j通俗读物
606 0  @a战国时代@Azhan guo shi dai@x历史@j通俗读物
690    @aK231.09@v5
690    @aK233.09@v5
701  0 @a袁腾飞@Ayuan teng fei@f(1972~)@4著
801  0 @aCN@bTANGWEI@c20170325
905    @b0963283-5@dK231.09@e18@f3
    
    袁腾飞讲先秦.战国纵横/袁腾飞著 .-北京:电子工业出版社,2015
    251页:图;24cm
    腾飞五千年
    
    ISBN 978-7-121-24423-0:CNY40.00
    本系列作品沿袭袁腾飞轻松幽默的“史话体”风格, 围绕战国时期的历史故事开讲。战国时期是一个“变世”。在这个时期, 战争法则在变, 历史舞台的主角也在变。在一系列变化中, 涌现出了战国七雄: 齐、楚、燕、韩、赵、魏、秦。本书正是围绕战国七雄的争霸展开的, 故事精彩, 语言幽默诙谐, 能让读者快速进入并深刻了解那段历史。
●
相关链接 在E读中查询图书 在五车中查询图书 在当当中查询图书 在豆瓣中查询图书


正题名:袁腾飞讲先秦     索取号:K231.09/18         预约/预借

序号 登录号 条形码 馆藏地/架位号 状态 备注
1 0963283   209632833   第二样本阅览室/ [索取号:K231.09/18] 在馆    
2 0963284   209632842   第二借阅区/ [索取号:K231.09/18] 在馆    
3 0963285   209632851   第二借阅区/ [索取号:K231.09/18] 在馆    
唐山师范学院图书馆 欢迎您!
大连网信软件有限公司© 版权所有